| 000 | 00969nam a22003137a 4500 | ||
|---|---|---|---|
| 003 | CHAP | ||
| 005 | 20220817043003.0 | ||
| 008 | 971013s1995 r 00010 d | ||
| 010 | _a61974 | ||
| 011 | _a62946 | ||
| 035 | _a67122 | ||
| 040 | _cCHAP | ||
| 082 |
_a338.19 _bB73 |
||
| 100 | 0 | 0 | _aBraun, Joachim Von. |
| 245 | _aEmployement for poverty reduction and food security | ||
| 260 |
_aWashington, D. C. : _bInternational Food Policy Research Institute, _c1995 |
||
| 300 | _a321 p. | ||
| 590 |
_aBATCH-UPD _b10 _c20130110 _lUCH01 _h1347 |
||
| 590 |
_aBATCH-UPD _b10 _c20130410 _lUCH01 _h0845 |
||
| 590 |
_aBATCH-UPD _b10 _c20130914 _lUCH01 _h0145 |
||
| 590 |
_aCONVERSION _b10 _c20130109 _lUCH01 _h1333 |
||
| 650 | 1 | 4 |
_aAlimentos _xAbastecimiento. |
| 650 | 1 | 4 |
_aEmpleo. _936545 |
| 650 | 1 | 4 |
_aPobreza. _989463 |
| 650 | 1 | 4 |
_aPolĂtica alimentaria. _990389 |
| 901 | _aBK | ||
| 942 | _cLIBRO | ||
| 949 |
_a338.19 B73 _bBC _cLIBRO _d33724000629986 _eLIBRO _h91475 _i67122 _si |
||
| 999 |
_c61974 _d61974 |
||